|
|
|
|
| LEADER |
00000nab a2200000 a 4500 |
| 001 |
vtls008624656 |
| 003 |
SK-MaSNL |
| 005 |
20260304144534.0 |
| 008 |
250505c2005 xo fr|p|||||||000 b|slo |
| 015 |
|
|
|a SNBRB2006/02
|2 snkbucl
|
| 035 |
|
|
|a (sysno)vtls008624656
|
| 035 |
|
|
|a urn:nbn:sk:snk-ab7drt
|
| 035 |
|
|
|a (uuid)be9cc67b-05f7-4055-96ad-a744a7293530
|
| 035 |
|
|
|a (urnnbn)urn:nbn:sk:snk:ar-a07r7c
|
| 038 |
|
|
|a SNKBUCL
|
| 040 |
|
|
|a SNKBUCL
|b slo
|c SNKBUCL
|e AACR2
|
| 041 |
0 |
|
|a slo
|
| 044 |
|
|
|a xo
|c SK
|
| 080 |
|
|
|a 791.079:791.229.1
|x (495.622)
|2 2001
|
| 080 |
|
|
|a 791.229.1
|2 2001
|
| 100 |
1 |
|
|a Jablonický, Viliam,
|d 1948-2019
|4 aut
|9 188549
|
| 245 |
1 |
0 |
|a Vojna, mier, chudoba, dôstojnosť
|c Viliam Jablonický
|
| 300 |
|
|
|b Fotogr.
|
| 611 |
2 |
7 |
|a Thessaloniki Documentary Festival
|n (7. :
|d 2005 :
|c Solún, Grécko)
|2 snkbucl
|9 1466196
|
| 650 |
0 |
7 |
|a dokumentárny film
|2 snkbucl
|9 51535
|
| 773 |
0 |
|
|t Kino-Ikon
|g Roč. 9, č. 1 (2005), s. 297-305
|x 1335-1893
|
| 850 |
|
|
|a Slovenská národná knižnica
|
| 852 |
|
|
|a Slovenská národná knižnica
|
| 954 |
|
|
|a odborná, vedecká literatúra pôvodná (slovenská)
|2 lita
|
| 958 |
|
|
|a article2022
|
| 958 |
|
|
|a GR
|
| 958 |
|
|
|a OND
|
| 958 |
|
|
|a EUIPO
|
| 999 |
|
|
|c 2931920
|d 2933850
|